Statistics for Flags of the world

Click here to take the quiz!

General Stats

  • This quiz has been taken 15 times
  • The average score is 17 of 19

Answer Stats

Answer% Correct
Germany
100%
Usa
100%
Brazil
92%
Canada
92%
Denmark
92%
France
92%
Greece
92%
Iceland
92%
India
92%
Italy
92%
Netherlands
92%
Portugal
92%
Russia
92%
Spain
92%
Turkey
92%
Mexico
85%
Norway
85%
Sweden
85%
Belgimu
0%

Score Distribution

Percentile by Number Answered

Percent of People with Each Score

Your Score History

You have not taken this quiz